000 00432nam a22001697a 4500
005 20251108172554.0
008 250721s9999 xx 000 0 eng d
082 1 4 _a932BIE
100 1 _aBierbrier, Morris
245 1 4 _aThe Tomb-builders of the pharaohs /
264 1 _aCairo :
_bThe American University,
300 _a160 p
650 1 7 _aAncient Egyptian History
650 1 7 _aPharoahs
942 _2ddc
_cBK
999 _c82877
_d82877